| 000 | 00548cam a22001932 4500 | ||
|---|---|---|---|
| 001 | 0000003482 | ||
| 005 | 20151217155822.0 | ||
| 008 | 070508s xx 000 0 eng d | ||
| 040 |
_aKABU _cKABU |
||
| 050 | 0 |
_aKSK1744.51963 _b.A3K46 |
|
| 110 | 2 |
_aKenya, Government of. _@0000151925 |
|
| 245 | 1 | 0 | _aConstitution of Kenya. |
| 260 |
_aNairobi : _bGovt. Printer, _c1963. |
||
| 300 | _a247 p. | ||
| 650 | 0 |
_aConstitutions _zKenya. _@0000153436 |
|
| 908 | _a070508 | ||
| 950 | _@1 | ||
| 999 |
_c12854 _d12854 |
||